Commentaire des fleurs du mal

Gardado en:
Detalles Bibliográficos
Autor Principal: Benoit Chérix, Robert (Author)
Formato: Libro
Idioma:francés
Publicado: Génova Pierre Cailler 1949
Series:Collection d'Etudes et de Documents Littéraires
Subjects:
Tags: Engadir etiqueta
Sen Etiquetas, Sexa o primeiro en etiquetar este rexistro!

MARC

LEADER 00000nam a2200000 a 4500
001 UCZ1724
003 CL-VaPUC
008 950831e19490000IT |||||||||||||||||fre|d
082 0 4 |a 841.09  |b BEN  |2 21 
100 0 |a Benoit Chérix, Robert  |e author  |9 345361 
245 1 0 |a Commentaire des fleurs du mal 
300 |a 500 p 
942 |c BK 
945 |d 19950831 00:00:00  |a rbrito 
260 |a Génova  |b Pierre Cailler  |c 1949 
600 0 7 |a BAUDELAIRE, CHARLES PIERRE  |2 CL-VaPUC  |9 265454 
650 0 |a Poesía francesa  |9 264947 
650 0 |a Crítica e interpretación   |9 255042 
583 |a last modification  |c 19950831 00:00:00  |k Rodrigo Vera 
490 0 |a Collection d'Etudes et de Documents Littéraires 
999 |c 238430  |d 238428 
952 |0 0  |1 0  |4 0  |6 841_090000000000000_BEN_1949  |7 0  |8 ?  |9 248605  |a BIBEDU  |b BIBEDU  |d 2019-11-18  |i 3120090  |o 841.09 BEN 1949  |p 3120090  |r 2019-11-18  |w 2019-11-18  |y BK  |k LIT